[Event "Agana op"]
[Site "Agana"]
[Date "2007.11.06"]
[Round "6"]
[White "Taner, Burak"]
[Black "Erdogan, Hakan"]
[Result "0-1"]
[WhiteElo "2131"]
[BlackElo "2259"]
[PlyCount "80"]
[EventDate "2007.11.02"]
[EventType "swiss"]
[EventRounds "9"]
[EventCountry "TUR"]
[SourceTitle "CBM 121 Extra"]
[Source "ChessBase"]
[SourceDate "2008.01.10"]
[SourceVersion "1"]
[SourceVersionDate "2008.01.10"]
[SourceQuality "1"]

1. e4 Nc6 2. Nc3 Nf6 3. d4 d6 4. Nf3 g6 5. Bb5 a6 6. Bc4 Bg7 7. h3 0-0 8. Bb3 b5 9. Bg5 b4 10. Bxf6 exf6 11. Ne2 Na5 12. 0-0 Nxb3 13. axb3 Re8 14. Ng3 d5 15. Re1 Bb7 16. Qd3 dxe4 17. Nxe4 f5 18. Ned2 Qd5 19. c4 bxc3 20. bxc3 c5 21. Rxe8+ Rxe8 22. Ra5 Bf8 23. Qf1 g5 24. Qc4 Qd8 25. Ra2 cxd4 26. cxd4 Re6 27. Ne5 Bd5 28. Qd3 f6 29. Nec4 Qc8 30. Ra1 f4 31. f3 Bb4 32. Ne4 Kg7 33. Kh2 Qc6 34. Ned2 Qb5 35. Rc1 Re3 36. Qc2 Re2 37. Qd1 Bxd2 38. Nxd2 Qd3 39. Ne4 Bxe4 40. fxe4 Qg3+ 0-1